[Event "Voronezh Winter op"]
[Site "Voronezh"]
[Date "2013.01.29"]
[Round "9"]
[White "Dmitriev, Dmitriy"]
[Black "Malin, Alexey"]
[Result "0-1"]
[WhiteElo "1991"]
[BlackElo "1643"]
[PlyCount "78"]
[EventDate "2013.01.15"]
[EventType "swiss"]
[EventRounds "9"]
[EventCountry "RUS"]
[SourceTitle "EXT 2014"]
[Source "ChessBase"]
[SourceDate "2013.11.20"]
[SourceVersion "1"]
[SourceVersionDate "2013.11.20"]
[SourceQuality "1"]

1. e4 d6 2. d4 Nf6 3. Nc3 g6 4. g3 Bg7 5. Bg2 0-0 6. Nge2 Nc6 7. 0-0 Bd7 8. h3 Qc8 9. Kh2 e5 10. Be3 exd4 11. Nxd4 Ne5 12. Qe2 Nc6 13. Rad1 Re8 14. Rfe1 Nxd4 15. Bxd4 Bc6 16. Qd3 Qd7 17. b4 a6 18. a4 Bxa4 19. Nxa4 Qxa4 20. Qc4 c6 21. Bb6 Nd7 22. Bc7 Ne5 23. Qe2 Qxb4 24. Rb1 Qc4 25. Rxb7 Qxe2 26. Rxe2 Nc4 27. f4 a5 28. e5 d5 29. c3 a4 30. Ra2 f6 31. Rb4 fxe5 32. Rxc4 dxc4 33. Bxc6 e4 34. Bd5+ Kh8 35. Bxc4 Bxc3 36. Bb5 Rec8 37. Be5+ Bxe5 38. fxe5 Rc5 39. Rxa4 Rxa4 0-1

[Event "Voronezh Winter op"]
[Site "Voronezh"]
[Date "2013.01.15"]
[Round "1"]
[White "Dmitriev, Dmitriy"]
[Black "Chermashentsev, Victor"]
[Result "1-0"]
[WhiteElo "1991"]
[BlackElo "1820"]
[PlyCount "69"]
[EventDate "2013.01.15"]
[EventType "swiss"]
[EventRounds "9"]
[EventCountry "RUS"]
[SourceTitle "EXT 2014"]
[Source "ChessBase"]
[SourceDate "2013.11.20"]
[SourceVersion "1"]
[SourceVersionDate "2013.11.20"]
[SourceQuality "1"]

1. e4 e5 2. Nc3 Nf6 3. f4 d5 4. fxe5 Nxe4 5. Nf3 Bg4 6. Be2 Bxf3 7. Bxf3 Qh4+ 8. g3 Nxc3 9. dxc3 Qe7 10. Qxd5 Nc6 11. Qb5 Qxe5+ 12. Qxe5+ Nxe5 13. Bxb7 Rb8 14. Bd5 Rd8 15. Bg2 Bd6 16. Be3 c5 17. 0-0-0 0-0 18. Rxd6 Rxd6 19. Bxc5 Ra6 20. Bxf8 Kxf8 21. a3 Ke7 22. Bd5 Rd6 23. c4 h6 24. Re1 f6 25. b4 Kd7 26. Kb2 a5 27. Kb3 axb4 28. axb4 Kc7 29. Ra1 Nc6 30. Bxc6 Kxc6 31. Ra6+ Kd7 32. Rxd6+ Kxd6 33. c5+ Kc6 34. Kc4 g5 35. g4 1-0